000 00679nam a2200169Ia 4500
008 090711s9999 xx 000 0 und d
082 _b59352
100 _aदिघे प्रभाकर तुकाजी
245 _aवैज्ञानिक क्रांतीSो प्रणेते
260 _c1987
300 _a85
600 _aदिघे प्रभाकर तुकाजी
630 _aवैज्ञानिक क्रांतीSो प्रणेते
700 _aदिघे प्रभाकर तुकाजी
730 _aवैज्ञानिक क्रांतीSो प्रणेते
942 _cBOOK
999 _c296912
_d296912